<?xml version="1.0" encoding="UTF-8"?>
<record
    xmlns:xsi="http://www.w3.org/2001/XMLSchema-instance"
    xsi:schemaLocation="http://www.loc.gov/MARC21/slim http://www.loc.gov/standards/marcxml/schema/MARC21slim.xsd"
    xmlns="http://www.loc.gov/MARC21/slim">

  <leader>01956nam a22003137a 4500</leader>
  <datafield tag="999" ind1=" " ind2=" ">
    <subfield code="c">21847</subfield>
    <subfield code="d">21847</subfield>
  </datafield>
  <controlfield tag="003">AR-CdUCM</controlfield>
  <controlfield tag="008">190425b           ||||| |||| 00| 0 spa d</controlfield>
  <datafield tag="040" ind1=" " ind2=" ">
    <subfield code="a">MUNICIPALIDAD PROVINCIAL DEL CUSCO</subfield>
    <subfield code="c">BIBLIOTECA MUNICIPAL DEL CUSCO</subfield>
  </datafield>
  <datafield tag="082" ind1=" " ind2=" ">
    <subfield code="a">Rev.Andi/N&#xB0;25/1995</subfield>
  </datafield>
  <datafield tag="110" ind1=" " ind2=" ">
    <subfield code="a">Centro Bartolom&#xE9; de Las Casas</subfield>
    <subfield code="9">3293</subfield>
  </datafield>
  <datafield tag="245" ind1=" " ind2=" ">
    <subfield code="a">Revista andina /</subfield>
    <subfield code="c">Centro de estudios rurales andinos Bartolom&#xE9; de Las Casas Cusco</subfield>
  </datafield>
  <datafield tag="260" ind1=" " ind2=" ">
    <subfield code="a">Cusco :</subfield>
    <subfield code="b">Centro Bartolom&#xE9; de Las Casas,</subfield>
    <subfield code="c">1995.</subfield>
  </datafield>
  <datafield tag="300" ind1=" " ind2=" ">
    <subfield code="a">304 p&#xE1;ginas. :</subfield>
    <subfield code="c">23 cm.</subfield>
  </datafield>
  <datafield tag="440" ind1=" " ind2=" ">
    <subfield code="a">Publicaci&#xF3;n Semestral del Centro Bartolom&#xE9; de Las Casas Cusco.</subfield>
    <subfield code="n">A&#xF1;o 13, N&#xFA;mero 25, N&#xB0;1, Primer semestre 1995.</subfield>
    <subfield code="9">46418</subfield>
  </datafield>
  <datafield tag="505" ind1=" " ind2=" ">
    <subfield code="a">Contenido: Poblaci&#xF3;n y econom&#xED;a en los Andes siglo XVIII. Enrique Tandeter. -- Identidad y alteridad en un motivo etnoliterario amerindio e indoeuropeo la doncella fecundada. Enrique Ball&#xF3;n Aguirre. -- El influjo de las lenguas indoamericanas sobre el espa&#xF1;ol. Un modelo interpretativo sociohist&#xF3;rico de variantes areales de contacto ling&#xFC;&#xED;stico. Germ&#xE1;n de Granda. -- Dialectolog&#xED;a del aimara sure&#xF1;o. Rodolfo Cerr&#xF3;n-Palomino. -- El emplazamiento de Canata y la fundaci&#xF3;n de la villa de Oropesa una contribuci&#xF3;n a la geograf&#xED;a hist&#xF3;rica del valle de Cochabamba Bolivia en los siglos XV y XVI. Juan J. R. Villar&#xED;as-Robles, David M. Pereira Herrera. -- Balance de los estudios moche Mochicas 1970-1994 primera parte an&#xE1;lisis iconogr&#xE1;fico. Daniel Arsenault.</subfield>
  </datafield>
  <datafield tag="650" ind1=" " ind2=" ">
    <subfield code="a">Idioma Aymara</subfield>
    <subfield code="9">46419</subfield>
  </datafield>
  <datafield tag="650" ind1=" " ind2=" ">
    <subfield code="a">Cultura Mochica</subfield>
    <subfield code="9">7063</subfield>
  </datafield>
  <datafield tag="650" ind1=" " ind2=" ">
    <subfield code="a">Econom&#xED;a campesina</subfield>
    <subfield code="9">2215</subfield>
  </datafield>
  <datafield tag="650" ind1=" " ind2=" ">
    <subfield code="a">Historia Cochabamba</subfield>
    <subfield code="9">46420</subfield>
  </datafield>
  <datafield tag="700" ind1=" " ind2=" ">
    <subfield code="a">Tandeter, Enrique</subfield>
    <subfield code="9">21882</subfield>
  </datafield>
  <datafield tag="700" ind1=" " ind2=" ">
    <subfield code="a">Ball&#xF3;n Aguirre, Enrique</subfield>
    <subfield code="9">1189</subfield>
  </datafield>
  <datafield tag="700" ind1=" " ind2=" ">
    <subfield code="a">De Granda, Germ&#xE1;n</subfield>
    <subfield code="9">46421</subfield>
  </datafield>
  <datafield tag="700" ind1=" " ind2=" ">
    <subfield code="a">Cerr&#xF3;n Palomino, Rodolfo</subfield>
    <subfield code="9">7429</subfield>
  </datafield>
  <datafield tag="700" ind1=" " ind2=" ">
    <subfield code="a">Pereira Herrera, David</subfield>
    <subfield code="9">46422</subfield>
  </datafield>
  <datafield tag="700" ind1=" " ind2=" ">
    <subfield code="a">Arsenault, Daniel</subfield>
    <subfield code="9">46423</subfield>
  </datafield>
  <datafield tag="942" ind1=" " ind2=" ">
    <subfield code="2">ddc</subfield>
    <subfield code="c">PP</subfield>
  </datafield>
  <datafield tag="945" ind1=" " ind2=" ">
    <subfield code="a">rac</subfield>
  </datafield>
  <datafield tag="952" ind1=" " ind2=" ">
    <subfield code="0">0</subfield>
    <subfield code="2">ddc</subfield>
    <subfield code="4">0</subfield>
    <subfield code="7">0</subfield>
    <subfield code="a">HEM</subfield>
    <subfield code="b">HEM</subfield>
    <subfield code="c">CART</subfield>
    <subfield code="d">2021-08-25</subfield>
    <subfield code="g">10.00</subfield>
    <subfield code="o">Rev.Andi/N&#xB0;25/1995</subfield>
    <subfield code="p">REVC000323</subfield>
    <subfield code="r">2021-08-25</subfield>
    <subfield code="y">PP</subfield>
  </datafield>
</record>
